000 00328nam a2200133Ia 4500
008 231129s1968||||xx |||||||||||||| ||spa||
040 _bspa
082 _a104 L598f
100 _aLepp Ignace
245 0 _aLa filosofí­a cristiana de la existencia
260 _c1968
264 _aEdiciones Carlos Lohlé
942 _2ddc
_cBKS
999 _c17136
_d17136